1220 1999 1577 1398 1277 1100 1439 1731 1033 1113 1871 1651 1863 1726 1701 1844 1040 1038 1206 1322 1222 1097 1104 1291 1880 1062 1230 1627 1857 1109 1861 1478 1795 1519 1953 1485 1264 1836 1410 1508 1531 1040 1284 1854 1020 1698 1916 1783 1692 1712 1143 1819 1780 1778 1781 1480 1856 1072 1187 1280 1889 1088 1153 1515 1174 1488 1424 1726 1961 1394 1790 1053 1395 1786 1051 1790 1044 1746 1750 1041 1487 1241 1837 1115 1471 1540 1384 1907 1719 1360 1758 1712 1028 2000 1718 1702 1571 1116 1911 BCNSPRNW ULIB Ver.6.0+V

เปลี่ยนเป็นภาษาไทย

Change to English
 แสดงรายละเอียดบรรณานุกรม
  กลับหน้าหลัก

Brief Record : Get Marc (ISO 2709) : E-mail record : QR code < ปิดหน้าต่าง
LEADER : 00000nam 2200000uu 4500
001    13399113561
003     ULIB
008    111128s2553||||th 000 0 tha d
020    9786160601233
090    ^aนว.^bป445ฟ 2553
100 0  ^aปราณธร
245 00 ^aไฟรักราน /^cปราณธร
250    ^aพิมพ์ครั้งที่ 2
260    ^aกรุงเทพฯ :^bแจ่มใส,^c2553
300    ^a300 หน้า
710 1  ^aแจ่มใส
945    ^p189^l0^i17076
995    ^aกัณชพร
999    ^aใช้งานได้ทุกระบบ
รายการนี้ยังไม่มีแท็ก
คุณยังไม่ได้ล็อกอิน คุณสามารถมีกิจกรรมร่วมกับเว็บไซต์ได้ แต่ต้องล็อกอินก่อน ::
  ล็อกอิน

รายการสื่อสารสนเทศ

ลำดับที่ ประเภท เลขเรียก/บาร์โค้ด สถานที่ สถานะ
1. วิทยาศาสตร์การแพทย์ และสุขภาพ
วิทยาศาสตร์การแพทย์ และสุขภาพ
นว. ป445ฟ 2553  
  Barcode: 17076
ห้องสมุดวิทยาเขตสวรรค์ประชารักษ์
►นวนิยาย
บนชั้น
  ขอยืม

รายการใกล้เคียง
    ผู้แต่ง [ปราณธร]

BibComment


ยังไม่เคยถูกคอมเมนท์

คอมเมนท์ทรัพยากรรายการนี้
  คอมเมนท์: ไฟรักราน ปราณธร


 Copyright 2026. Bcnsprnw @Library